442's Top 100 World Football Players 2015 - Statistics

General Stats
  • This quiz has been taken 1,180 times
  • The average score is 67 of 100
Answer Stats
Hint Answer Club Country % Correct
2 Cristiano Ronaldo Real Madrid Portugal
100%
1 Messi Barcelona Argentina
100%
3 Neymar Barcelona Brazil
99%
5 Suarez Barcelona Uruguay
99%
8 Bale Real Madrid Wales
98%
4 Lewandowski Bayern Munich Poland
98%
9 Aguero Manchester City Argentina
96%
10 Robben Bayern Munich Holland
96%
16 Ibrahimovic Psg Sweden
95%
11 Sanchez Arsenal Chile
95%
19 Hazard Chelsea Belgium
93%
23 Modric Real Madrid Croatia
93%
7 Neuer Bayern Munich Germany
93%
14 Pogba Juventus France
93%
15 Iniesta Barcelona Spain
92%
6 Müller Bayern Munich Germany
92%
24 Ozil Arsenal Germany
91%
12 Rakitic Barcelona Croatia
91%
28 Kroos Real Madrid Germany
90%
25 David Silva Manchester City Spain
89%
17 De Bruyne Manchester City Belgium
89%
20 Alaba Bayern Munich Austria
88%
13 Lahm Bayern Munich Germany
87%
36 Benzema Real Madrid France
85%
35 Pique Barcelona Spain
85%
33 Sergio Ramos Real Madrid Spain
84%
39 Yaya Toure Manchester City Ivory Coast
84%
26 De Gea Manchester Utd. Spain
82%
18 Godin Atletico Madrid Uruguay
81%
31 Griezmann Atletico Madrid France
81%
55 Cavani Psg Uruguay
80%
38 Vidal Bayern Munich Chile
80%
32 Aubameyang Borussia Dortmund Gabon
79%
34 Douglas Costa Bayern Munich Brazil
79%
27 James Rodriguez Real Madrid Colombia
79%
46 Reus Borussia Dortmund Germany
79%
21 Busquets Barcelona Spain
78%
44 Diego Costa Chelsea Spain
78%
43 Di Maria Psg Argentina
77%
56 Kompany Manchester City Belgium
76%
30 Varane Real Madrid France
76%
42 Buffon Juventus Italy
75%
22 Chiellini Juventus Italy
75%
29 Courtois Chelsea Belgium
75%
53 Ribery Bayern Munich France
75%
40 Boateng Bayern Munich Germany
73%
61 Hummels Borussia Dortmund Germany
73%
37 Mascherano Barcelona Argentina
73%
41 Tevez Boca Juniors Argentina
73%
59 Thiago Alcantara Bayern Munich Spain
72%
74 Mata Manchester Utd. Spain
71%
71 Marcelo Real Madrid Brazil
70%
70 Navas Real Madrid Costa Rica
70%
45 Thiago Silva Psg Brazil
70%
62 Arda Turan Barcelona Turkey
69%
48 Bonucci Juventus Italy
68%
60 Cech Arsenal Czech Republic
68%
57 Jordi Alba Barcelona Spain
67%
63 Higuain Napoli Argentina
65%
68 Schweinsteiger Manchester Utd. Germany
64%
49 Sterling Manchester City England
64%
78 Hulk Zenit Brazil
63%
90 Kane Tottenham England
62%
52 Koke Atletico Madrid Spain
62%
54 Pjanic Roma Bosnia
61%
50 Xabi Alonso Bayern Munich Spain
61%
64 Matic Chelsea Serbia
60%
67 Fabregas Chelsea Spain
59%
66 Lacazette Lyon France
58%
97 Ricardo Rodriguez Wolfsburg Switzerland
58%
100 Salah Roma Egypt
57%
75 Hart Manchester City England
55%
91 Rooney Manchester Utd. England
55%
58 Cazorla Arsenal Spain
54%
69 Morata Juventus Spain
53%
88 Payet West Ham France
53%
47 Goetze Bayern Munich Germany
51%
65 Isco Real Madrid Spain
50%
51 Otamendi Manchester City Argentina
47%
73 Nainggolan Roma Belgium
45%
87 Verratti Psg Italy
45%
82 Marchisio Juventus Italy
43%
89 Pastore Psg Argentina
43%
72 Azpilicueta Chelsea Spain
42%
76 Depay Manchester Utd. Holland
42%
85 Icardi Inter Argentina
42%
93 Martial Manchester Utd. France
39%
79 De Rossi Roma Italy
36%
95 Heung-Min Tottenham South Korea
35%
83 Matuidi Psg France
35%
92 Bacca Milan Colombia
33%
94 Giovinco Toronto Italy
29%
80 Calhanoglu Bayer Leverkusen Turkey
26%
96 Lichtsteiner Juventus Switzerland
22%
77 Danilo Real Madrid Brazil
21%
99 Krychowiak Seville Poland
21%
84 Felipe Anderson Lazio Brazil
20%
86 Carvalho Sporting Portugal
15%
81 Alex Teixeira Shakhtar Brazil
12%
98 Garay Zenit Argentina
12%
No matching quizzes found
Score Distribution
Percent of People with Each Score
Percentile by Number Answered
Your Score History
You have not taken this quiz